000 01119nam a22002657a 4500
001 BD-DhSAU 9278
003 BD-DhSAU
005 20260513121718.0
008 260513b2018 bg a|||| m||| 00| 0 eng d
040 _aBD-DhSAU
082 _222
_a636.085
_bAr99
100 _aAHMED, MD. ARZO
_eRegistration # 17-07805
245 _aComparative study on reproductive and productive performance of indigenous and crossbred cattle in netrokona district, bangladesh /
_bMS thesis
260 _aSher-e-Bangla Agricultural University;
_bDepartment of Animal nutrition, genetics and breeding ;
_c2024.
300 _ax, 45p. :
_bill. ;
_c30 cm.
500 _aMS thesis of Department of Animal nutrition, genetics and breeding ;, ;, Faculty of ASVM. Sher-e-Balgla Agricultural University Dhaka-1207
504 _aIncludes bibliographical reference.
590 _aNazmul
650 _aindigenous and crossbred cattle
650 _anetrokona district, bangladesh
700 _aProf. Dr. Lam Yea Asad
_eSuperviser
710 _eCo-Superviser
_aProf. Dr. Md. Mufazzal Hossain
942 _2ddc
_cTHESIS
999 _c18407
_d18406